| 000 | 00361cam a2200157ua 4500 | ||
|---|---|---|---|
| 041 |
_aeng _h |
||
| 082 |
_a952 _bLAT/HI |
||
| 100 | _aLatourette, Kenneth Scott . | ||
| 245 | _aHistory of Japan | ||
| 250 |
_a / _b. |
||
| 260 |
_aNew York : _bMacMillan and Company Limited , _c1957. |
||
| 300 | _a299 ; . | ||
| 504 | _a | ||
| 942 | _cBK | ||
| 999 |
_c4353 _d4353 |
||